| 000 | 01211nam a2200325 a 4500 | ||
|---|---|---|---|
| 001 | ebr10231093 | ||
| 003 | CaPaEBR | ||
| 006 | m u | ||
| 007 | cr cn||||||||| | ||
| 008 | 790920s1979 mnua sb 001 0 eng d | ||
| 010 | _z 79022755 | ||
| 020 | _z0816608911 | ||
| 020 | _z9780816608911 | ||
| 020 | _z9780816664146 | ||
| 040 |
_aCaPaEBR _cCaPaEBR |
||
| 035 | _a(OCoLC)234370624 | ||
| 050 | 1 | 4 |
_aBF723.M54 _bR47 1979eb |
| 082 | 0 | 4 | _a155.4/18 |
| 100 | 1 | _aRest, James R. | |
| 245 | 1 | 0 |
_aDevelopment in judging moral issues _h[electronic resource] / _cJames R. Rest. |
| 260 |
_aMinneapolis : _bUniversity of Minnesota Press, _cc1979. |
||
| 300 |
_axx, 305 p. : _bill. |
||
| 504 | _aIncludes bibliographical references (p. 269-285) and index. | ||
| 533 |
_aElectronic reproduction. _bPalo Alto, Calif. : _cebrary, _d2013. _nAvailable via World Wide Web. _nAccess may be limited to ebrary affiliated libraries. |
||
| 650 | 0 | _aMoral development. | |
| 650 | 0 |
_aMoral development _xTesting. |
|
| 655 | 7 |
_aElectronic books. _2local |
|
| 710 | 2 | _aebrary, Inc. | |
| 856 | 4 | 0 |
_uhttp://site.ebrary.com/lib/rucke/Doc?id=10231093 _zAn electronic book accessible through the World Wide Web; click to view |
| 999 |
_c39493 _d39493 |
||